000 00430nam a2200169Ia 4500
003 GCL
008 140319s9999 xx 000 0 ara d
040 _aGCL /
_cGCL
082 0 4 _aط
_b507
_bش ط
100 1 _aشفيق مهدى
245 1 0 _aطيور عراقية /
_cشفيق مهدى
300 _a55 ص
490 _aالسلسلة العلمية
_v0
650 0 4 _aالعراق
650 0 4 _aالطيور
942 _2ddc
_cBK
999 _c45403
_d45403